| 000 | 00766nam a2200193 i 4500 | ||
|---|---|---|---|
| 001 | 26488 | ||
| 003 | ES-MaACL | ||
| 005 | 20230906153442.0 | ||
| 007 | t| | ||
| 008 | 030109s1944 sp ||||1| spa d | ||
| 100 | 1 |
_aAunós Pérez, Antonio. _923921 |
|
| 245 | 1 | 3 |
_aEl problema social y sus soluciones : _bconferencia desarrollada en el Salón de Actos de la Cámara Oficial de la Propiedad Urbana el día 30 de octubre de 1943 / _cpor Antonio Aunós Pérez. |
| 260 |
_aLérida : _b[s.n.], _c1944 ( _fImp. Escuela Provincial) |
||
| 300 |
_a28 p. ; _c25 cm. |
||
| 594 | _aPrecede a tít.: Ilustre Colegio de Abogados. Lérida. | ||
| 650 | 4 |
_aProblemas sociales- _zEspaña. _9170568 |
|
| 710 | 2 |
_aColegio de Abogados de Lérida. _92890 |
|
| 852 |
_aES-MaACL _j1846-F-44 |
||
| 999 |
_c26488 _d26488 |
||